Les musées sur plusieurs sites - Statistiques

Statistiques générales
  • Ce quiz a été pris 57 fois
  • Le résultat moyen est 31 sur 62
Statistiques - réponses
PAYS LOUVRE % Correct
France Paris
100%
France Paris
100%
France Paris
100%
Royaume-Uni Londres
92%
Royaume-Uni Londres
92%
Etats-Unis New York
92%
Emirats Arabes Unis Dubaï
87%
Pays-Bas Amsterdam
83%
Pays-Bas Amsterdam
83%
Allemagne Berlin
83%
Autriche Vienne
83%
Chine Pékin
81%
Emirats Arabes Unis Abou Dabi
79%
Emirats Arabes Unis Abou Dabi
79%
Belgique Bruxelles
79%
Etats-Unis Los Angeles
79%
Japon Tokyo
79%
Espagne Barcelone
77%
Russie Saint-Pétersbourg
77%
Australie Sydney
77%
Espagne Bilbao
75%
Turquie Istanbul
73%
Inde New Delhi
73%
Corée-du-Sud * Séoul
73%
France Lens
71%
Tchéquie Prague
71%
Tchéquie * Prague
71%
Singapour Singapour
71%
Canada Montréal
69%
Chine Shanghai
69%
Italie Venise
69%
Italie Venise
69%
Royaume-Uni Liverpool
67%
Thaïlande Bangkok
65%
Etats-Unis Washington
62%
Etats-Unis San Francisco
56%
Chine Hong Kong
48%
Etats-Unis Las Vegas
42%
France Metz
31%
Espagne Malaga
29%
Chine Wuhan
29%
Etats-Unis Orlando
21%
Russie Kazan
17%
France * Dijon
15%
France * Tours
13%
France * La Rochelle
8%
Etats-Unis Nashville
6%
France * Lourdes
4%
Royaume-Uni Blackpool
2%
PAYS CENTRE POMPIDOU
2%
France Mont-Saint-Michel
2%
France * Saint-Jean-de-Luz
2%
France * Salon-de-Provence
2%
Royaume-Uni St Ives
2%
Chine Chogqing
0%
PAYS ERMITAGE
0%
Italie Ferrara
0%
PAYS GREVIN
0%
PAYS GUGGENHEIM
0%
PAYS TATE
0%
PAYS TUSSAUD
0%
Russie Vyborg
0%
Aucun quiz correspondant
Distribution des résultats
% des personnes avec chaque résultat
Percentile par nombre de réponses
Votre historique - résultats
Vous n’avez pas pris ce quiz